000 00471nam a22001937a 4500
003 MPLRDC
005 20220104143435.0
008 210129b ||||| |||| 00| 0 eng d
020 _a962-357-906-3
082 _a782.886 JZM c.2
100 _a翁杰明等 主编
245 _a与总书记谈心
_c
250 _a初版
260 _a
_b明报出版社
_c1996
300 _b
490 _a神州系列
650 _a江泽民传记
942 _cBK
_o782.886 JZM c.2
999 _c39932
_d39922